000 02348nam0a2200445 4500
001 RU\NLR\BIBL_A\022733000
005 20260319114537.0
010 _a978-5-907975-21-7
_9300
021 _aRU
_bКН-П-25-082826
_9КН-П-25-8017
035 _a(NLR Aleph) 022733000
090 _a13639664
_c13639664
100 _a20260219d2025 u y0rusy50 ca
101 0 _arus
102 _aRU
105 _aac z 001zd
181 0 _ai3
_baxxe
182 0 _an
200 1 _a"Жизнь летит над нашим подвалом"
_e"тройственный" дневник Владимира Лемпорта, Вадима Сидура и Николая Силиса (1960-1961)
_fсоставление, подготовка текста, вступительная статья и комментарии Владимира Воловникова
203 _aТекст
_bвизуальный
_cнепосредственный
210 _aМосква
_cПробел-2000
_d2025
215 _a478, [1] с.
_cил., портр.
_d29
320 _aБиблиогр. в примеч.: с. 444-473
320 _aУказ. иллюстраций: с. 474-475
320 _aУказ. издательств и периодических изданий: с. 475
320 _aУказ. имен: с. 476-479
333 _a16+
600 1 _aЛемпорт
_bВ.С.
_f1922 - 2001
_gВладимир Сергеевич
_jДневники
_91495240
_3RU\NLR\AUTH\66645670
600 1 _aСидур
_bВ.А.
_f1924 - 1986
_gВадим Абрамович
_jДневники
_91648567
_3RU\NLR\AUTH\661028047
600 1 _aСилис
_bН. А.
_f1928 - 2018
_gНиколай Андреевич
_jДневники
_91622801
_3RU\NLR\AUTH\661014373
686 1 _aЩ133(2Р=Рус)7-8Лемпорт
686 1 _aЩ133(2Р=Рус)7-8Сидур
686 1 _aЩ133(2Р=Рус)7-8Силис
701 1 _aЛемпорт
_bВ. С.
_gВладимир Сергеевич
701 1 _7ca
_8rus
_aСидур
_bВ. А.
_f1924-1986
_gВадим Абрамович
_9119249
_3RU\NLR\AUTH\779418
701 1 _aСилис
_bН. А.
_f1928-2018
_gНиколай Андреевич
702 1 _aВоловников
_bВ. Г.
_f1954-
_gВладимир Григорьевич
_4220
_4770
942 _cBOOK
980 _aNB